000 00806 a2200229 4500
001 48107
005 20260407155747.0
008 260407a2015 arg spa d
003 AR-UNSa-BCEJYS
040 _aAR-UNSa-BCEJYS
_bspa
_cAR-UNSa-BCEJYS
080 _a330.834
_xKeynes y el keynesianismo. Neokeynesianismo. Poskeynesianismo
245 1 0 _aThe essential Keynes
020 _a978-1-84614-813-2
264 1 _c2015
300 _axlii, 550 p.
_c20 cm.
505 _a1. The Philosopher - 2. The Social Philosopher - 3. The Economist - 4. The Policy-maker - 5. The Essayist.
041 _aspa
942 _cBK
590 _aniveau_biblio:m niveau_hierar:0
100 1 _aKeynes, John Maynard
856 4 1 _uhttps://www.biblioeco.unsa.edu.ar/pmb/images/libros/L127842.jpg
_yImagen de portada
_qimage/jpeg
999 _c4546
_d4546